Český a slovenský akciový trh 25 rokov po rozdelení bakalárska práca

Uložené v:
Podrobná bibliografia
Hlavný autor: Vargová, Katarína
Korporativný autor: Národohospodárska fakulta EU. Katedra bankovníctva a medzinárodných financií
Ďalší autori: Árendáš, Peter, 1986-
Médium: Kniha
Jazyk:Slovak
Vydavateľské údaje: Bratislava 2019
Tagy: Pridať tag
Žiadne tagy, Buďte prvý, kto otaguje tento záznam!

MARC

LEADER 00000nbm a2200000 4500
001 0256483
005 20190729123026.3
041 0 |a slo 
044 |a SK 
245 1 0 |a Český a slovenský akciový trh 25 rokov po rozdelení  |b bakalárska práca  |c Katarína Vargová ; školiteľ: Peter Árendáš 
264 1 |a Bratislava  |c 2019 
300 |a 41 s. 
100 1 |a Vargová, Katarína 
700 1 |a Árendáš, Peter, 1986- 
710 2 |a Národohospodárska fakulta EU. Katedra bankovníctva a medzinárodných financií